00895nam a2200301 45000010009000000050017000090070004000260080004000300100017000340200026000510200025000770400019001020420008001210500021001290820016001501000018001662450078001842500012002622600033002743000035003075000057003425040051003996500028004506500028004786500031005066500033005377000023005701741464220150717090600.0000000 a 2012020078 a9780470979471 (cloth) a9780470979464 (pbk.) aUOELcDLCdDLC apcc00aSD390b.F56 201200a577.5/72231 aBinkley, Dan.10aEcology and management of forest soils /cDan Binkley, Richard F. Fisher. a4th ed. aHoboken, NJ :bWiley,c2013. axiii, 347 p. :bill. ;c26 cm. aAuthors' names in reverse order on previous edition. aIncludes bibliographical references and index. 0aForest soils.xForestry 0aSoil ecology.xForestry 0aSoil management.xForestry 0aForest management.xForestry1 aFisher, Richard F.